000 00629nam a2200217 4500
001 45800
090 _a45800
100 _a19990108f19451950m y0pory50030103ba
101 1 _apor
102 _aPT
200 1 _aNoites tenebrosas de Xangai
_fJohn S. Falk
_gversão livre de Mário Moita
210 9 _aLisboa
_cRomano Torres,
_d[194-]
215 _a207, [1] p.
_d20 cm
225 2 _aGrandes mistérios, grandes aventuras
_v6
304 _aTít. orig.: Death on Xangai
317 _aArquivo da Editora Romano Torres
675 _a821.111(73)-31
700 1 _aFalk,
_bJohn S.
702 1 _aMoita,
_bMário
_4730
801 0 _aPT
_bBN
_gRPC
990 _cLIVROS